000 01500nam a22003977a 4500
001 1676731
003 OSt
005 20210426124608.0
008 980318t19971968enk b 001 0 eng d
010 _a 98134894
020 _a0192892894 (pbk.)
035 _a(OCoLC)38743428
040 _aIHS
_cIHS
_dDLC
_beng
041 _aeng
042 _alccopycat
043 _ae-uk---
050 0 0 _aHC254.5
_b.A78 1997
080 _a94
_bA-84
100 1 _aAshton, T. S.
_q(Thomas Southcliffe)
245 1 4 _aThe industrial revolution, 1760-1830 /
_cT.S. Ashton ; with a new preface and bibliography by Pat Hudson.
_b/ by: Oxford University Press
250 _a1997 edition
260 _aOxford
_aNew York
_bOxford University Press
_c1997.
300 _axiv, 141 p.
_c20 cm.
365 _b7.99 gbp
504 _aIncludes bibliographical references (p. [130]-135) and index.
650 0 _aIndustrial revolution
_zGreat Britain.
650 0 _aHistory
_9252
651 0 _aGreat Britain
_xEconomic conditions
_y1760-1860.
653 _aისტორია
653 _aინდუსტრიული რევოლუცია
856 4 2 _3Publisher description
_uhttp://www.loc.gov/catdir/enhancements/fy0605/98134894-d.html
856 4 1 _3Table of contents only
_uhttp://www.loc.gov/catdir/enhancements/fy0605/98134894-t.html
906 _a7
_bcbc
_ccopycat
_d2
_encip
_f19
_gy-gencatlg
942 _2udc
_cBK
999 _c1064
_d1064